| 000 | 02262nam0a2200349 4500 | ||
|---|---|---|---|
| 001 | RU\NLR\bibl\520241 | ||
| 005 | 20260406150742.0 | ||
| 021 |
_aRU _b2004-19325 _9987 |
||
| 035 | _a(NLR Aleph) 000512648 | ||
| 090 |
_a1243010 _c1243010 |
||
| 100 | _a20040517d2003 |||y0rusy50 ca | ||
| 101 | 0 | _arus | |
| 102 | _aRU | ||
| 105 | _aa ||||||||| | ||
| 200 | 1 |
_aОценка информационной безопасности телекоммукационных систем _eУчеб. пособие _eДля курсантов и слушателей образоват. учреждений высш. проф. образования МВД России по специальности 075600 - Информ. безопасноть телекоммуникац. систем _f[А.В. Заряев, П.И. Асяев, А.Н. Обухов и др. _gПод общ. науч. ред. д.т.н., проф. В.А. Минаева и д.т.н., проф. С.В. Скрыля] |
|
| 210 |
_aВоронеж _cВИ МВД России _d2003 |
||
| 215 |
_a92 с. _cил. _d21 |
||
| 300 | _aАвт. указаны на обороте тит. л. | ||
| 320 | _aБиблиогр.: с. 56-57 (25 назв.) | ||
| 606 | 0 |
_aЭлектрическая связь _jРуководства, пособия и т.п. для высшей школы _xСистемы _xЗащита информации _92262163 _3RU\NLR\auth\661356300 |
|
| 606 | 0 |
_aЭлектросвязь _jУчебные издания для высших учебных заведений _xСистемы _xЗащита информации _92262165 _3RU\NLR\auth\661356301 |
|
| 686 | _aЗ88-5я73-1 | ||
| 701 | 1 |
_aЗаряев _bА. В. _gАлександр Васильевич _4070 |
|
| 701 | 1 |
_aАсяев _bП. И. _gПавел Иванович _4070 |
|
| 701 | 1 |
_4070 _aОбухов _bА. Н. _cканд. техн. наук, спец. техн. средства _gАлександр Николаевич _9141503 _3RU\NLR\AUTH\770141539 |
|
| 702 | 1 |
_4340 _8rus _7ca _aМинаев _bВ. А. _f1952- _gВладимир Александрович _3RU\NLR\auth\775285 _9115249 |
|
| 801 | 0 |
_aRU _bNLR _c20040517 _gPSBO |
|
| 801 | 1 |
_aRU _bNLR _c20040517 |
|
| 942 | _cBOOK | ||
| 980 | _aNB | ||